El asma en la infancia y adolescencia / (Record no. 182640)

MARC details
000 -LEADER
campo de control de longitud fija 00830nam a2200241 i 4500
001 - NÚMERO DE CONTROL
campo de control 182640
003 - IDENTIFICADOR DE NÚMERO DE CONTROL
campo de control ES-MaACL
005 - FECHA Y HORA DE LA ÚLTIMA TRANSACCIÓN
campo de control 20231025134201.0
008 - DATOS DE LONGITUD FIJA--INFORMACIÓN GENERAL
campo de control de longitud fija 131008s2012 sp a | |||||||| | spa d
020 ## - NÚMERO INTERNACIONAL ESTÁNDAR DEL LIBRO
Número Internacional Estándar del Libro 978-84-92937-30-1
080 ## - NÚMERO DE LA CLASIFICACIÓN DECIMAL UNIVERSAL
Número de la Clasificación Decimal Universal 616.248-053.2
245 03 - MENCIÓN DEL TÍTULO
Título El asma en la infancia y adolescencia /
Mención de responsabilidad, etc. dirigido por Ángel López-Silvarrey Varela, Javier Korta Murua.
250 ## - MENCION DE EDICION
Mención de edición 1ª ed.
260 ## - PUBLICACIÓN, DISTRIBUCIÓN, ETC.
Lugar de publicación, distribución, etc. Madrid :
Nombre del editor, distribuidor, etc. Fundación BBVA,
Fecha de publicación, distribución, etc. 2012.
300 ## - DESCRIPCIÓN FÍSICA
Extensión 246 p. :
Otras características físicas il. col. ;
Dimensiones 24 cm.
504 ## - NOTA DE BIBLIOGRAFÍA, ETC.
Nota de bibliografía, etc. Incluye referencias bibliográficas e índice.
650 #4 - PUNTO DE ACCESO ADICIONAL DE MATERIA--TÉRMINO DE MATERIA
Término de materia o nombre geográfico como elemento de entrada Asma en niños.
9 (RLIN) 153573
700 1# - ENTRADA AGREGADA--NOMBRE PERSONAL
Nombre de persona López-Silvarrey Varela, Ángel.
9 (RLIN) 153574
700 1# - ENTRADA AGREGADA--NOMBRE PERSONAL
Nombre de persona Korta Murua, Javier.
9 (RLIN) 153575
852 ## - LOCALIZACIÓN
Ubicación ES-MaACL
Número de control de estantería A-12793
itemnumber 189557
Sublocalización o colección R.149001
Ubicación en estantería Depósito 1
Signatura antigua Olim: N-5793
942 ## - ELEMENTOS DE ENTRADA SECUNDARIOS (KOHA)
Fuente del sistema de clasificación o colocación Clasificación decimal universal
Tipo de ítem Koha Libro impreso
Holdings
Estatus retirado Estado de pérdida Fuente del sistema de clasificación o colocación Estado de daño No para préstamo Biblioteca de origen Biblioteca actual Ubicación en estantería Fecha de adquisición Fuente de adquisición Total de préstamos Signatura topográfica completa Código de barras Visto por última vez Precio de reemplazo Tipo de ítem Koha
    Clasificación decimal universal     Biblioteca del Ateneo de Madrid Biblioteca del Ateneo de Madrid Depósito 1 08/10/2013 Donación   A-12793 1191941 23/02/2023 23/02/2023 Libro impreso